[Event "Kiev Trudova Ukraina"]
[Site "Kiev"]
[Date "2001.01.27"]
[Round "9"]
[White "Malakhatko, Vadim"]
[Black "Kruppa, Yuri"]
[Result "1/2-1/2"]
[WhiteElo "2513"]
[BlackElo "2572"]
[Annotator "Krasenkow,M"]
[PlyCount "109"]
[EventDate "2001.01.19"]
[EventType "tourn"]
[EventRounds "10"]
[EventCountry "UKR"]
[EventCategory "11"]
[SourceTitle "CBM 082"]
[Source "ChessBase"]
[SourceDate "2001.05.17"]
[SourceVersion "1"]
[SourceVersionDate "2001.05.17"]
[SourceQuality "1"]

1. d4 Nf6 2. c4 g6 3. Nc3 d5 4. cxd5 Nxd5 5. e4 Nxc3 6. bxc3 Bg7 7. Nf3 c5 8.
Be3 Qa5 9. Qd2 Nc6 10. Rc1 cxd4 11. cxd4 Qxd2+ 12. Kxd2 O-O 13. d5 Rd8 14. Ke1
Nb4 {A rare continuation but nobody yet has proved any advantage for White.} (
14... Na5 {is the main line.}) 15. Bd2 (15. Bc5 $6 Nxa2 16. Rc2 Nc3 17. Nd2 Bd7
18. Bxe7 Re8 19. d6 a5 20. f4 a4 21. Bc4 b5 22. e5 b4 {0-1 Lagowski,P-Shishkin,
V/Kazimierz Dolny POL 2001/The Week in Chess 334 (31)}) (15. a3 Na2 (15... Na6
16. Nd4 e6 17. Bxa6 bxa6 18. Nc6 Rd7 19. dxe6 fxe6 20. Rc2 Bb7 21. Ke2 Rc7 22.
Rhc1 $14 {1-0 Anikaev,Y-Karasev,V/USSR 1982/Inf 34 (63)}) 16. Rc4 (16. Rc2 Nc3
17. Nd2 e6 18. dxe6 Bxe6 19. f3 b5 $17 {0-1 Meier,V-Spreeuw,J/Haarlem 1990/EXT
98 (32)}) 16... e6 (16... b5 17. Rc7 Rd7 18. Rc5) 17. Bg5 exd5 $1 (17... Rd6
18. e5 Rb6 19. Rc2 Rb1+ 20. Kd2 Ra1 21. d6 Bd7 22. Bb5 {1-0 Lovass,I-Honfi,K/
Magyarorszag 1981/Inf 32 (22)}) 18. Rc2 dxe4 19. Bxd8 exf3 $13) 15... Na6 {
From this square the knight controls the c7 point and prepares to come out to
c5 (after ...b7-b6).} (15... a5 $2 16. a3 Bb2 (16... Na6 17. Bxa5 $18 {1/2-1/2
Lugovoi,A-Liss,E/Budapest 1994/CBM 42 ext (30)}) 17. axb4 Bxc1 18. Bxc1 axb4
19. Bc4 $16) 16. Bg5 ({After} 16. Bxa6 bxa6 {Black has a strong bishop pair,
which compensates the defects of his pawn structure, e.g.} 17. Ba5 Rd7 18. Nd2
(18. Rc5 Rb7 19. Kd2 Bd7 20. Bc3 Bh6+ 21. Kd3 f6 22. Bd2 Bf8 23. e5 e6 24. Ra5
fxe5 25. Nxe5 Bb5+ 26. Ke4 exd5+ 27. Kd4 Rc7 28. a4 Bc5+ 29. Kxd5 Rd8+ 30. Ke4
Rd4+ 31. Kf3 Rxd2 32. axb5 Bb6 33. Rxa6 Rxf2+ 34. Kg3 Rcc2 $19 {1/2-1/2 Renman,
N-Kyhle,B/Norrkoeping 1988/EXT 97 (60)}) (18. Bc3 Rc7 19. Bb2 Rxc1+ 20. Bxc1 f5
21. exf5 Bxf5 22. Ke2 Be4 23. Rd1 Rd8 24. Bg5 Rxd5 25. Rxd5 Bxd5 26. Bxe7 {
0-1 Banikas,H-Kalod,R/Menorca 1996/Juniors (50)}) 18... f5 19. f3 fxe4 20. fxe4
e6 21. dxe6 Re7 22. Bc3 (22. Bb4 Rxe6 23. Rc7 Be5 24. Rc4 Bd7 25. g3 Bb5 26.
Rc1 Bd4 27. Kd1 Rd8 28. Ba5 Rd7 (28... Bb6 $17) 29. Rc8+ Kg7 30. Kc2 Be3 31.
Bc3+ Kh6 32. Nc4 Ba4+ {1/2-1/2 Atalik,S-Karr,J/Cappelle la Grande 2000/CBM 74
ext (32)}) 22... Bxe6 23. Bxg7 Kxg7 24. a3 Bd5 25. Kd1 {1/2-1/2 Iljushin,
A-Jensson,E/Oropesa del Mar 1998/CBM 67 ext (25)}) ({Or} 16. Bd3 e6 17. Bxa6
bxa6 18. Ba5 Re8 (18... Rd6 19. Bc7 Rd7 20. dxe6 fxe6 21. Bf4 a5 22. Ne5 Rd4
23. f3 g5 24. Bg3 Ba6 25. Nc6 Ra4 26. Nb8 Bc4 27. h4 g4 28. h5 Rxa2 29. Rxc4
Ra1+ 30. Ke2 Rxh1 31. Rc8+ Kf7 32. Rc7+ Kg8 33. Rc8+ Kf7 34. Rc7+ {1/2-1/2
Keene,R-Jansa,V/Esbjerg 1981/MCL (34)}) 19. d6 Bd7 20. Bc7 Rec8 21. Kd1 Ba4+
22. Ke2 Bb5+ 23. Kd1 Kf8 24. Re1 Ke8 $132 {0-1 Marzano,C-Jansa,V/Montecatini
Terme 1998/EXT 2000 (50)}) (16. Bc3 {is equally harmless:} e6 17. Bxg7 Kxg7 18.
Bxa6 bxa6 19. dxe6 Bxe6 20. Ke2 Bxa2 21. Rc7 Rab8 22. Rhc1 Rb2+ 23. R1c2 Rxc2+
24. Rxc2 Bb1 25. Rd2 Rxd2+ 26. Nxd2 Bc2 $15 {1/2-1/2 Kelecevic,N-Sutter,O/
Neuchatel 1996/EXT 97 (39)}) 16... Kf8 (16... f6 $5 17. Be3 f5 18. Bc4 fxe4 19.
Ng5 Nb4 20. d6+ e6 21. Nxe4 h6 (21... b5 22. Bxb5 Bb7 $13) 22. Ke2 b6 23. Rhd1
Bd7 24. a3 Nc6 25. Bb5 $14 {1/2-1/2 Hahn,U-Gauglitz,G/Germany 1991/EXT 97-B 
(54)}) 17. Bxa6 (17. Nd2 h6 18. Be3 Bd7 $6 (18... b6) 19. Rb1 Bc8 20. Bc4 b6
21. Ke2 Nc5 22. Bxc5 bxc5 23. Nb3 Rd7 24. Bb5 Rc7 25. Bc6 $16 {1-0 Banikas,
H-Wagener,C/Istanbul TUR 2000/The Week in Chess 314 (33)}) 17... bxa6 18. Rc7
Rd7 19. Rxd7 Bxd7 20. Kd2 Rc8 {[%csl Rc2][%cal Yd7a4]} (20... Rb8 21. Rc1) 21.
Rc1 (21. Be3 $6 Bc3+) 21... Rxc1 22. Kxc1 Bb5 23. Kc2 f5 24. exf5 Bc4 25. fxg6
hxg6 26. a3 Bxd5 27. Be3 Be4+ 28. Kd2 Bb2 29. Bc5 Ke8 $6 {After this move
Black must fight hard for the draw, which could be achieved easily after} (
29... Bxf3) 30. Ne1 Kd7 31. f3 Bd5 32. Nd3 Bf6 33. Bxa7 $16 Bc4 34. f4 Kc6 35.
Ke3 g5 36. fxg5 Bxg5+ 37. Kd4 Bb5 38. Ne5+ Kc7 39. Bc5 Bf6 40. Ke4 Bf1 41. g3
Bh3 42. Nf3 e6 43. Bd4 Be7 44. Bb2 Kd6 45. Ne5 Bf5+ 46. Kf4 Kd5 47. g4 Bc2 48.
Nf3 Be4 49. h3 Bd8 50. Bc3 Be7 51. a4 Bd6+ 52. Ne5 Bc5 53. Nf3 Be7 54. Bg7 Bc2
55. a5 1/2-1/2

[Event "FIDE World Cup"]
[Site "Khanty-Mansiysk"]
[Date "2005.12.04"]
[Round "3.2"]
[White "Bacrot, Etienne"]
[Black "Sutovsky, Emil"]
[Result "1/2-1/2"]
[WhiteElo "2725"]
[BlackElo "2654"]
[Annotator "Krasenkow,M"]
[PlyCount "54"]
[EventDate "2005.11.27"]
[EventType "k.o."]
[EventRounds "7"]
[EventCountry "RUS"]
[SourceTitle "CBM 111"]
[Source "ChessBase"]
[SourceDate "2006.04.04"]
[SourceVersion "1"]
[SourceVersionDate "2006.04.04"]
[SourceQuality "1"]

1. d4 Nf6 2. c4 g6 3. Nc3 d5 4. cxd5 Nxd5 5. e4 Nxc3 6. bxc3 Bg7 7. Nf3 c5 8.
Rb1 O-O 9. Be2 Nc6 10. d5 Ne5 11. Nxe5 Bxe5 12. Qd2 e6 13. f4 Bc7 14. O-O exd5
15. exd5 Ba5 16. f5 Bxf5 17. Rxb7 Qd6 {This is quite enough for equality and
more solid than} (17... Qf6) 18. Bc4 (18. Rb5 Bc7 19. g3 (19. Qh6 Qe5 20. Rb7
Ba5 21. c4 Bc3 22. Bf3 Rae8 23. Bd2 Qd4+ {0-1 Doeppner,T-Lindinger,M/Germany
1998/EXT 2000}) 19... c4 20. Rxf5 gxf5 21. Ba3 Qxa3 {1/2-1/2 Kiriakov,
P-Mikhalevski,V/Dieren 1997/EXT 98}) 18... Rfb8 $146 {[%mdl 8] The simplest
reply.} (18... Rae8 19. Rxa7 Bb6 20. Ra6 Bc8 21. Ra8 Bc7 22. Qf4 Qd7 23. Qf3
Re5 24. Bf4 Rf5 25. Qg3 Rxf4 26. Rxf4 Qe7 27. Rxc8 Rxc8 28. d6 Bxd6 29. Rxf7
Qe4 30. Rc7+ Qxc4 31. Rxc8+ {1-0 Jelen,I-Borge,N/Budapest 1998/EXT 99}) (18...
Qe5 19. Re1 Qf6 20. Bb2 Rfb8 21. Ree7 Rxb7 22. Rxb7 Qd6 23. Qe3 Bc7 24. Qg3
Qxg3 25. hxg3 Bxg3 26. d6 Rf8 27. d7 Rd8 28. Bb5 a6 29. Ba4 Be4 30. Rb6 Bf5 31.
Rb7 Be4 32. Rb6 Bf5 33. Rb7 {1/2-1/2 Johannessen,L-Sutovsky,E/Saint Vincent
2005/CBM 110 no vc}) 19. Rxb8+ (19. Qb2 $5 Rxb7 20. Qxb7 Re8 21. Bf4 Qb6 $13)
19... Rxb8 20. Qg5 Rb1 $11 {Pieces of both sides are active enough.} 21. Bf4 {
Forcing a draw.} (21. Re1 Qd8 $5 22. Qe3 Bc7 $11 {[%cal Yc7d6]}) 21... Rxf1+
22. Kxf1 Qb6 23. Be5 Qb1+ 24. Kf2 Qc2+ 25. Kg1 Qb1+ 26. Kf2 Qc2+ 27. Kg1 Qb1+
1/2-1/2

[Event "EU-ch 2nd"]
[Site "Ohrid"]
[Date "2001.06.03"]
[Round "3"]
[White "Malakhatko, Vadim"]
[Black "Azmaiparashvili, Zurab"]
[Result "0-1"]
[WhiteElo "2524"]
[BlackElo "2670"]
[Annotator "Krasenkow,M"]
[PlyCount "122"]
[EventDate "2001.06.01"]
[EventType "swiss"]
[EventRounds "13"]
[EventCountry "YUG"]
[SourceTitle "CBM 084"]
[Source "ChessBase"]
[SourceDate "2001.09.13"]
[SourceVersion "1"]
[SourceVersionDate "2001.09.13"]
[SourceQuality "1"]

1. d4 Nf6 2. c4 g6 3. Nc3 d5 4. cxd5 Nxd5 5. e4 Nxc3 6. bxc3 Bg7 7. Bb5+ c6 8.
Ba4 a5 $5 {The idea of this move is to push White's bishop away from the a2-g8
diagonal with ...b7-b5 and ...a5-a4.} (8... O-O 9. Ne2 c5 $5) 9. Ne2 (9. Bb3 a4
$1 10. Bc2 (10. Bxa4 $4 Qa5) 10... O-O 11. Ne2 b5 12. O-O Na6 (12... c5) 13.
Bg5 f6 14. Be3 e5 15. f4 Be6 16. Qe1 Bc4 17. Rf3 Qe7 18. h4 exd4 19. Bxd4 c5
20. Be3 Rad8 $132 {1/2-1/2 Balogh,T-Konopka,M/SVK-chT 1995/EXT 97 (54). (54)})
(9. Qf3 O-O 10. Ne2 b5 11. Bb3 b4 (11... a4 $5) 12. O-O Ba6 {leads to a
position from the 8...b5 9.Bb3 b4 line, quite satisfactory for Black.}) (9. a3
Be6 10. Nf3 b5 11. Bb3 Bxb3 12. Qxb3 a4 13. Qc2 {1/2-1/2/Gleizerov,E-Ernst,T/
Stockholm/1995} c5 $13) (9. Nf3 b5 (9... O-O 10. O-O Nd7 11. Bc2 b5 12. Bd3 Nb6
13. h3 Be6 14. Re1 Qc7 15. Bg5 Bc4 16. Bc2 c5 17. Qc1 Rfc8 18. Bf4 Qb7 19. Qe3
cxd4 20. cxd4 b4 $132 {0-1 Lev,R-Tseitlin,M/Israel 1996/CBM 52 ext (54)}) 10.
Bb3 a4 11. Bc2 c5 12. O-O cxd4 13. cxd4 Nc6 {[%csl Rd4][%cal Yc6b4]} 14. e5 Be6
15. Be3 O-O 16. Ng5 Bc4 17. Qg4 Nb4 18. Be4 f5 19. exf6 exf6 20. Bxa8 Qxa8 21.
Nf3 Bxf1 22. Rxf1 Qd5 $17 {0-1 Smirnov,V-Neverov,V/Minsk 1996/EXT 2000 (28)})
9... b5 10. Bb3 (10. Bc2 {is quite harmless. Black's most solid plan is to
prepare ...c6-c5:} O-O (10... Na6 11. O-O O-O 12. Bg5 Ra7 13. Qd2 c5 14. Bh6 e5
15. d5 c4 16. Be3 Rb7 17. f4 f6 18. f5 Rff7 19. fxg6 hxg6 20. Rf3 Bf8 21. Raf1
Bc5 22. Bxc5 Nxc5 23. Qh6 Bg4 24. Qxg6+ Rg7 25. Qh6 Bxf3 26. Rxf3 b4 27. Ng3 b3
28. Bb1 Qf8 29. Rxf6 Rbf7 30. Rxf7 Qxf7 31. Nf5 Nxe4 32. Bxe4 bxa2 33. Qc1 Qa7+
34. Kf1 Rf7 35. Qg5+ Kh8 36. Qd8+ Kh7 37. Ke2 a1=Q 38. Nd4+ Kh6 39. Qh4+ Kg7
40. Ne6+ Kg8 41. Qd8+ Rf8 42. Qxf8# {1-0 Korsunsky,Y-Schaefer,M/Montecatini
Terme 1999/EXT 2000 (42)}) (10... b4 11. cxb4 axb4 12. Bb3 O-O 13. Be3 Bb7 14.
Rc1 {[%csl Rb7,Rc6]} Nd7 15. O-O e5 16. f3 $6 (16. d5 $1 cxd5 17. exd5 $16 {
/\ d6, Rc7, Lalic,B}) 16... Qa5 17. Qd2 Rfd8 18. Bg5 exd4 19. Bxd8 Rxd8 $44 {
Aleksandrov,A-Lalic,B/EU-chTM 1997/0-1 (37)} 20. Rfd1 Ne5 21. h3 c5 22. f4 Bh6
23. Qc2 c4 24. Bxc4 Nxc4 {Aleksandrov,A-Lalic,B/EU-chTM 1997/0-1 (37)}) 11. O-O
(11. Be3 c5 12. O-O cxd4 13. cxd4 Ba6 14. Rc1 e6 15. Bd3 Qd7 16. Qb3 Qb7 17. d5
exd5 18. exd5 b4 19. Rfd1 a4 20. Qb1 b3 21. d6 Bxd3 22. Rxd3 b2 23. Rc7 Qb5 24.
Nd4 Qb4 25. d7 Bf6 26. a3 Qb6 27. Rc2 Nxd7 28. Rxb2 Qa6 {1/2-1/2 Grabliauskas,
V-Avrukh,B/Vilnius 1995/CBM 50 ext (63)}) (11. Rb1 b4 12. c4 Ba6 13. Bb3 a4 14.
Bxa4 Bxc4 15. Rxb4 Bxa2 16. O-O c5 17. dxc5 {1/2-1/2 Leskiewicz,M-Cyborowski,L/
Bytom 1995/EXT 97 (17)}) 11... c5 (11... Ba6 12. Be3 c5 13. dxc5 b4 14. Qxd8
Rxd8 15. Rfd1 $1 Rc8 (15... Nc6 16. Nd4 Bb7 $13 {Ftacnik,L}) 16. Bd3 $6 (16.
Nd4 bxc3 17. Ba4 $36 c2 $140 18. Bxc2 Rxc5 19. Nf5 $16 {Ftacnik,L}) 16... Bxd3
17. Rxd3 Na6 18. Rad1 Nxc5 19. Bxc5 Rxc5 20. Rd8+ Rxd8 21. Rxd8+ Bf8 22. Rd3 e6
$15 {1/2-1/2 Atalik,S-Ftacnik,L/Moscow 1994/CBM 45/[Ftacnik] (40)}) 12. a3 Ba6
13. Rb1 Nc6 14. Be3 cxd4 15. cxd4 b4 16. Bd3 bxa3 17. Bxa6 Rxa6 18. Qd3 Ra7 19.
Qxa3 Nxd4 20. Nxd4 Bxd4 21. Rfd1 e5 22. Bxd4 exd4 23. Qc5 Rd7 24. Ra1 Re8 25.
f3 Qf6 26. Rxa5 h5 27. Qg5 Qb6 {1/2-1/2 Paronjan,A-Notkin,M/Moscow 1994/CBM 43
ext (27)}) 10... a4 (10... O-O 11. a3 $5 e5 12. O-O Re8 13. Qc2 Qe7 14. f3 a4
15. Ba2 Be6 $13 {Yakovich,Yu-Dzevlan,M/Stockholm 1995/Inf 66/(398)}) 11. Bc2 c5
{An immediate attack in the centre is quite appropriate, although Black can
also castle first:} (11... O-O 12. O-O (12. Ba3 $5 Na6 13. Rb1 {preventing ...
c5} (13. O-O c5 14. Rb1 Rb8 15. dxc5 Qc7 16. Qd3 Rd8 17. Qe3 Be6 18. Bd3 Qd7
19. Nc1 Qc6 20. Be2 Rdc8 21. Rd1 Bf8 22. Rd4 Nxc5 23. Rdb4 Nxe4 $1 24. c4 (24.
Rxe4 Bf5 $17) 24... Nd6 25. cxb5 Qc3 26. Qxc3 Rxc3 27. Rxa4 Rc2 $44 {Kortchnoi,
V-Gulko,B/Beer_Sheva 1993}) 13... Be6 14. Rb2 Bc4 15. Bd3 Bxd3 16. Qxd3 Qd7 17.
O-O Rfd8 18. f4 Rab8 19. e5 $14 {Grigore,G-Vlad,D/Romania(ch) 1994}) 12... Na6
$5 (12... Nd7 {[%cal Ye7e5] too passive} 13. f4 f5 14. exf5 gxf5 15. Ng3 Nb6
16. Nh5 Bh8 17. Rf3 Nc4 (17... b4 $5 18. Rg3+ Kf7 $13 {Ftacnik,L}) 18. Rg3+ Kf7
19. Rh3 Qd5 20. Ng3 Kg8 21. Rh5 e6 22. Rg5+ Bg7 23. Nh5 Ra7 24. Bd3 h6 25. Rg3
Kh7 26. Qg4 $1 $18 {1-0 Chuchelov,V-Grimm,S/Porz 1992 (28)}) (12... c5 $5 13.
Rb1 b4 14. cxb4 cxd4 15. Bxa4 Bb7 $44 {Sokolov,I}) (12... e5 $5 13. Be3 (13.
Ba3 Re8 14. Qd2 Be6 15. Rfd1 Ra7 16. dxe5 Qxd2 17. Rxd2 Bxe5 18. f4 Bg7 19.
Rad1 Rd7 20. Rxd7 Nxd7 21. e5 Nb8 22. Bb1 f6 23. Nd4 Bg4 24. Re1 fxe5 25. Bd6
Bd7 26. fxe5 c5 27. Nf3 Bf8 {0-1 Knaak,R-Pribyl,J/Karlovy Vary 1973/EXT 2000 
(50). (50)}) 13... Na6 14. Qc1 Be6 15. Rd1 Bc4 16. Ng3 Qa5 17. Bh6 Bxh6 {
1/2-1/2 Afanasiev,V-Kriventsov,S/Moscow 1995/EXT 97 (17).}) (12... Ba6 13. Re1
Nd7 {again too passive!} (13... c5 $5) 14. e5 e6 15. Ng3 c5 16. Ne4 Qc7 (16...
Qa5 17. Bd2 $14 {Atalik,S}) 17. Ba3 Rfd8 18. Bxc5 Nxc5 $6 (18... Nxe5 19. Bd6
Rxd6 20. Nxd6 Qxd6 21. dxe5 Bxe5 22. Qxd6 Bxd6 23. Rad1 $14 {Atalik,S}) (18...
Bxe5 $5 19. dxe5 Nxc5 20. Nf6+ Kg7 (20... Kh8 21. Qc1 {[%cal Yc1h6]}) 21. Qg4
Nd7 22. Qg5 $1 (22. Nh5+ Kh8) 22... Qxc3 23. Rac1 Qb2 $13) 19. Nxc5 Qa5 20. Qd2
Rac8 21. Qe3 Bf8 22. Ne4 $14 {1-0 Atalik,S-Alterman,B/Beijing 1997/Inf 70/
[Alterman,B] (42)}) 13. e5 (13. Bg5 f6 14. Be3 e5 15. f4 Be6 16. Qe1 Bc4 17.
Rf3 Qe7 18. h4 exd4 19. Bxd4 c5 20. Be3 Rad8 21. Nc1 Rd7 22. Rh3 f5 23. e5 h5
24. Qf2 Rfd8 $17 {1/2-1/2 Balogh,T-Konopka,M/SVK-chT 1995/EXT 97 (54)}) 13...
c5 14. Rb1 Rb8 15. Nf4 Qd7 16. Be3 cxd4 17. cxd4 Bb7 18. Qe2 Nc7 19. Bd3 Bc6
20. Rfc1 b4 21. Qc2 Rb6 22. d5 Nxd5 23. Bxb6 Nxf4 24. Be4 (24. Bxg6 $5) 24...
Bb5 $44 {0-1 Czerwonski,A-Mach,H/Germany 1996/EXT 98 (41)}) 12. Rb1 {This
novelty is not successful.} (12. Be3 {is a more serious attempt to fight for
an advantage:} cxd4 13. cxd4 O-O (13... Nc6 $5 14. Rb1 Qa5+ 15. Bd2 Qa6 16. d5
Ne5 17. O-O O-O 18. Nd4 Bd7 19. Bg5 Rfe8 20. Qe2 Rac8 21. Rfd1 Rc4 22. Kh1 h6
23. Bf4 Rec8 24. Rd2 b4 25. Rxb4 Qa7 26. Nc6 R8xc6 27. dxc6 Rxb4 28. Bxe5 Bxc6
29. Rd8+ Kh7 30. Bxg7 Kxg7 31. Qd2 {1/2-1/2 Odachowski,A-Haessel,D/Edmonton
2000/EXT 2001 (31).}) 14. O-O Nc6 15. Rb1 (15. d5 Ne5 16. Bd4 e6 17. f4 Nc4 18.
Bxg7 Kxg7 19. Qd4+ Kg8 20. Bd3 $6 (20. Nc3 Ba6 21. Bd3 Rc8 22. Rf2 $13 {
Notkin,M;Ftacnik,L}) 20... exd5 21. exd5 Nd6 22. Nc3 Rb8 23. Ne4 Nxe4 24. Bxe4
Qb6 $11 {1/2-1/2 Korotylev,A-Notkin,M/Moscow 1996/EXT 99 (36)}) 15... Ba6 16.
d5 Ne5 17. Nd4 {[%csl Rc6]} (17. Bc5 Qd7 18. Bb4 Rfd8 19. Rc1 e6 20. Nc3 Rac8
21. Bb1 Bb7 22. Ba5 Re8 23. d6 Rc4 24. Bc7 Rd4 25. Qe2 b4 $132 {0-1 Akesson,
R-Van Haastert,E/Leuven 1998/EXT 99 (36)}) 17... Qd7 18. Bf4 (18. Rb4 Rfc8 19.
Bd3 Qd6 20. a3 Rc3 21. Bxb5 Rxa3 22. Rxa4 Ng4 23. e5 Qxe5 24. Nf3 Rxa4 25. Qxa4
Qb8 (25... Qd6 $11) 26. Bxa6 Nxe3 27. fxe3 Qb6 28. Qe4 Qxa6 29. Qxe7 $14 {
1/2-1/2 Arlandi,E-Mikhalevski,V/Turin 1996/EXT 98 (43)}) 18... Nc4 19. Bg5 e6
20. Nc6 Rfe8 (20... Bb7 $5 {I.Sokolov}) 21. Qf3 exd5 22. exd5 Ne5 23. Nxe5 Bxe5
24. Bd3 $6 (24. Rfd1 $142 $14 {I.Sokolov}) 24... Qd6 25. h4 b4 26. Bxa6 Rxa6
27. Rfe1 b3 $6 (27... Raa8 $15 {I.Sokolov}) 28. axb3 a3 29. Bf4 $1 $14 {
1-0 Sokolov,I-Tseitlin,M/Ljubljana 1995 (60)}) ({The simple} 12. O-O {is also
possible, e.g.} Na6 (12... O-O $5 {-see 11...0-0}) 13. Rb1 Bd7 14. Be3 O-O 15.
f4 (15. d5 Rb8 16. c4 $5 Qa5 (16... a3 $5) 17. cxb5 Rxb5 18. Bd2 Rxb1 19. Bxa5
Rxd1 20. Rxd1 Nb4 21. Bb1 Bb5 {1-0 Krush,I-Dooley,M/Oropesa del Mar 1999/CBM
72 ext (39) with good counterplay for Black}) 15... e6 16. dxc5 Qc7 17. Qd6
Rfc8 18. Rfd1 Be8 19. Qxc7 Rxc7 20. c6 $1 Bxc6 21. Bd3 Rb8 22. Nd4 Be8 23. Nxb5
Bxb5 24. Rxb5 Rxc3 25. Rxb8+ Nxb8 26. Kf2 $14 {1-0 Dao Thien Hai-Mach,H/
Budapest 1995/EXT 97 (58)}) 12... O-O $5 13. Be3 ({After} 13. Rxb5 cxd4 14.
cxd4 Ba6 15. Rd5 Qb6 {the awkward position of the white rook guarantees Black
a good compensation for the pawn.}) 13... Ba6 14. Bd3 b4 $1 15. Bxa6 (15. cxb4
Bxd3 16. Qxd3 cxd4 17. Bf4 {was probably more accurate.}) 15... Nxa6 16. dxc5 {
It is not pleasant to allow the black pawn to c3 but after} (16. cxb4 Nxb4 (
16... cxb4 17. Qxa4) 17. dxc5 (17. a3 cxd4) 17... Qxd1+ 18. Rxd1 Nxa2 {the a4
pawn becomes too formidable.}) 16... bxc3 17. Qxd8 {After this Black obtains
the better prospects in the endgame.} (17. Rb6 $5 Qc7 18. Nf4 e6 19. Nd3 {
was better, making use of the position of Black's a6 knight.}) 17... Rfxd8 18.
O-O Rdc8 (18... Rac8 $142 $5 19. Rb5 Rd3 {In some variations Black prevents
f2-f3 and also can sacrifice the exchange on e3.}) 19. Rb5 Nc7 20. Rb4 Rab8 $6
{Black sacrifices his a4 pawn to support the c3 pawn. A risky decision!} (20...
f5 21. f3 fxe4 22. fxe4 Ra5 {[%cal Yc7b5,Yc7e6] guaranteed him a good position.
}) 21. Rxa4 Rb2 22. Nc1 {White starts playing too passively. The c1 square is
controlled by his bishop, and the knight could be activated:} (22. Nf4 $5)
22... Nb5 23. f4 (23. Nd3 $5 Rc2 24. Nb4 {[%cal Yb4d5]}) 23... e5 (23... c2)
24. fxe5 Bxe5 $2 {A tactical oversight. After} (24... c2 25. Nd3 Rb1 26. Rc4
Rd8 27. Nc1 Rb2 28. c6 Bxe5 29. a4 Nc7 {Black has a sufficient compensation
for the pawn.}) 25. Nd3 Re2 $2 (25... f6 {was the only move but after} 26. Nxb2
cxb2 27. Rb4 Na3 28. Rb3 Nc4 29. Kf2 Bxh2 30. Rb4 $1 {White maintains winning
chances.}) 26. Nxe5 Rxe3 27. c6 $4 {Now everything turns over once again and
White must fight for the draw.} (27. Kf2 {wins the rook and the game:} f6 (
27... Rxc5 28. Nd7) 28. Kxe3 fxe5 29. Rc1 {etc. Was White under time pressure?
In fact, such blunders were very typical at the European Championship (under
the new time control).}) 27... c2 28. Kf2 Rc3 29. Rc1 Rc5 (29... f6 $5) 30. Ra5
Rxe5 31. a4 Rxc6 32. axb5 Rc4 33. Ra2 Rxb5 34. Raxc2 Rxe4 {The endgame is
drawn, of course. However, White must play carefully.} 35. h3 Kg7 36. Kg1 f5
37. Rc7+ Kh6 38. R1c4 Re2 39. Rc2 Rb1+ 40. Kh2 Ree1 41. R2c4 Rh1+ 42. Kg3 Rhf1
43. h4 Rh1 44. Rc3 Rb4 45. R3c4 Rbb1 46. Rc3 Rbf1 47. Rf7 Rd1 48. Rcc7 Rd3+ 49.
Kf2 Kh5 {the last attempt} 50. Rxh7+ Kg4 51. Rc6 $2 (51. Rcg7 Kf4 (51... Rd2+
52. Ke3 Rd6 53. Rh6 f4+ 54. Ke2) 52. Rd7 {,chasing the rook, was quite enough
for a draw. But when you have 30 seconds for each move (and must write it
down!), everything can happen.}) 51... g5 $1 52. Rg6 $4 (52. Rc2 {was
necessary but after} Rxh4 {Black continues playing for a win.}) 52... Kf4 {
White now loses at least the g2 pawn.} 53. Ke2 $2 Re3+ $2 (53... Rhd1 54. g3+
Kxg3 55. Rxg5+ Kf4 {lead to an immediate end.}) 54. Kf2 (54. Kd2 Rg3) 54... Rb3
55. Re7 g4 56. g3+ Rxg3 57. Rb6 Rh2+ 58. Kf1 Ra3 59. Kg1 Kg3 60. Re1 f4 61. Rb4
Raa2 0-1